000 00664cab a2200193 4500
001 ABS41143
008 090401t1989 xxu||||| |||| 00| 0 eng d
035 _a(Sirsi) u28420
041 _aeng
245 _aArchitects and surveyors - Hay
260 _c1989
350 _a0
490 _aIDS Top Pay Unit Review
_v(101) July 1989, 12(1)
520 _aA very brief summary of Hay `s first survey of the salaries of architects , surveyors and associated engineers . Includes details of median basic salaries as at 1 January 1989.
650 _aEMPLOYMENT
690 _aMANAGEMENT-BUSINESS MANAGEMENT-PROFESSIONAL PRACTICE
942 _n0
948 _c04/03/1997
999 _c19140
_d19140